000 00459cam a2200181ua 4500
001 11653
008 191015n xxk |||gr||||Z||||||eng
020 _a1843311526
040 _cMAIN
041 _aeng
082 _a954
100 _aClaude Markovits,
_eEditor.
245 _aHistory of modern india :
_b1480-1950 /
_cEd by Claude Markovits .
260 _aLondon:
_bAnthem press,
_c2004.
300 _a607p.
653 _aSouth Asia India
942 _cBK
999 _c10465
_d10465